000 00470nam a2200181Ia 4500
008 100917s9999 xx 000 0 und d
082 _b3693
100 _aभावे पुरूषोत्तम भास्कर
245 _aमुिक्त
260 _b---
300 _a113
365 _b3
520 _aकादंबरी
630 _aमुिक्त
650 _aकादंबरी
730 _aमुिक्त
942 _cBOOK
999 _c609087
_d609084